مكتبة جامعة عجلون الوطنية

فهرس بحث المكتبة

Normal view MARC view
  •  الخدمة الاجتماعية

Entry Topical Term

Number of records used in: 1

001 - CONTROL NUMBER

  • control field: 40526

003 - CONTROL NUMBER IDENTIFIER

  • control field: JO-AjAnu

005 - DATE AND TIME OF LATEST TRANSACTION

  • control field: 20230606080730.0

008 - FIXED-LENGTH DATA ELEMENTS

  • fixed length control field: 230606|| aca||aabn | a|a d

040 ## - CATALOGING SOURCE

  • Original cataloging agency: JO-AjAnu
  • Transcribing agency: JO-AjAnu

150 ## - HEADING--TOPICAL TERM

  • Topical term or geographic name entry element:  الخدمة الاجتماعية

670 ## - SOURCE DATA FOUND

  • Source citation: Work cat.: (JO-AjAnu)20773: تحت رعاية: مفيد شهاب، عمرو عزت سلامة ؛ رئيس المؤتمر: رشاد احمد عبد اللطيف ؛ امين عام المؤتمر: محمد رفعت قاسم, author 40525, المؤتمر العلمي السادس عشر عالمية الخدمة الاجتماعية وخصوصية الممارسة 19-2003/3/20 مج2